| 000 | 00616nam a22002057a 4500 | ||
|---|---|---|---|
| 003 | OSt | ||
| 005 | 20140310181913.0 | ||
| 008 | 130715t xxu||||| |||| 00| 0 eng d | ||
| 020 | _a1884548156 | ||
| 050 |
_aLB 1555 _b.T253 1997 |
||
| 082 |
_aTR 371.102 _bTEA 1997 |
||
| 245 |
_aTeachers make the difference : _bthe sde sourcebook bringing innovation & success to today's classrooms / |
||
| 260 |
_aUSA : _bThe Society For Developmental Education, _cc1997. |
||
| 300 |
_a334 p. : _bill. ; _c28 cm. |
||
| 500 | _aIncludes Index | ||
| 521 | _aFaculty | ||
| 541 | _j1 | ||
| 562 | _e1 | ||
| 942 |
_2lcc _cBK-TR _kTR |
||
| 999 |
_c6630 _d6630 |
||